02220agaaa2200325 45000010005000000030009000050050017000140070009000310080040000400400023000800410013001031000044001161300027001602400019001872450198002062460012004042500022004162600092004383000034005305080193005645110092007575200717008495380016015665460013015826500059015957000056016547000062017107000066017727000056018385931IT-RoPAU20220918181235.0d cvaizq50131s9999||||xx ||| | || ||und|| aIT-RoPAUcIT-RoPAU aITALIANO aWeir PetergCodice regista SPICS: 31122 aWITNESS - IL TESTIMONE aWITNESSgT2315 aWITNESS - IL TESTIMONEcProdotto da: Feldman Edward S. -- Sceneggiatura: Kelley Williams Wallace Earl W. -- Diretto da: Weir PeterpWITNESS - IL TESTIMONE (Rif. Codice opera principale : H5931) aWITNESS aEdizione Standard a(USA)bPARAMOUNT / Distribuzione: CIAKg"1985 (1° ed.: 2005 ; Ed. Lingua Orig.: 1985)" aDVDbsonoro, col.c108 minuti a"Fotografia: Seale John; Montaggio: Noble Thom; Musica: Jarre Maurice; Sceneggiatura: Kelley Williams Wallace Earl W.; Scenografia: Jolley Stan; Soggetto: Kelley William -- Wallace Pamela" a"Ford Harrison; Mcgillis Kelly; Haas Lucas; Sommer Josef; Rubes Jan; Godunov Alexander" a"SAMUEL LAPP, UN BAMBINO DI 8 ANNI DELLA COMUNITA' AMISH E' L'UNICO TESTIMONE DI UN BRUTALE OMICIDIO. UOMINI SENZA SCRUPOLI LO BRACCANO E SOLTANTO JOHN BOOK, UN POLIZIOTTO DI PHILADELPHIA, LO PUO' SALVARE. BOOK SCOPRE ANCHE IL SUO SUPERIORE ED AMICO E' COINVOLTO NEL CASO E HA DECISO DI FAR TACERE, UCCIDENDOLI, L PICCOLO SAMUEL E SUA MADRE RACHEL PER PROTEGGERSI DA QUANTO POTREBBERO SVELARE. PRIMO FILM AMERICANO DEL REGISTA AUSTRALIANO CHE SCRUTA CON UN APPASSIONATO SGUARDO SULLA COMUNITA' DEGLI AMISH, L'AMERICA CHE SOLOUNO STRANIERO PUO' VEDERE, LA PREPOTENZA DELLA NATURA CONTRO LA CIVILTA' VIOLENTA. CONTENUTI SPECIALI: TRAILER; INTERVISTA CON PETER WEIR. CORRUZIONE; COMUNITA' AMISH; AMORE IMPOSSIBILE." aPAL, STEREO aITALIANO aDRAMMATICOeDVD-FILM [DVD]xCodice MATERIA SPICS: 9947 aJarre Mauricee(musica)gCodice Musica SPICS: 10958 aKelley William e(soggetto)gCodice Soggetto SPICS: 33868 aWallace Pamela e(soggetto)gCodice Soggetto 2° SPICS: 33869 aWeir Peter e(regista)gCodice regista SPICS: 31122